LEADER 01128nam0 22002651i 450 001 SUN0011332 005 20110405101046.504 010 $a18-533-3569-x 100 $a20030122d1991 |0engc50 ba 101 $aeng 102 $aGB 105 $a|||| ||||| 200 1 $aInside information and securities trading$ea legal and economic analysis of the foundations of liability in the U.S.A. and the European Community$fBernhard Bergmans 210 $aLondon$cGraham & Trotman$d1991 215 $aXI, 222 p.$d23 cm. 606 $aTitoli$xInsider trading$2FI$3SUNC006116 620 $aGB$dLondon$3SUNL000015 700 1$aBergmans$b, Bernhard$3SUNV008519$0172771 712 $aGraham & Trotman$3SUNV000847$4650 801 $aIT$bSOL$c20181109$gRICA 912 $aSUN0011332 950 $aUFFICIO DI BIBLIOTECA DEL DIPARTIMENTO DI GIURISPRUDENZA$d00 CONS VI.Em.67 $e00 4148 995 $aUFFICIO DI BIBLIOTECA DEL DIPARTIMENTO DI GIURISPRUDENZA$h4148$kCONS VI.Em.67$oc$qa 996 $aInside information and securities trading$9665165 997 $aUNICAMPANIA